00423nam a2200181Ia 4500008004100000020001800041245001400059245001900073260001500092260001600107260000900123300001500132300002500147300001000172440003200182500000800214999001900222170705s9999 xx 000 0 und d a9780439267072 aEverest / cby Joy Masoff. aNew York : bScholastic, c2002 a48 pages : bcolor illustration ; c23cm. aScholastic history readers. a850 c337108d337108